आजकल (Record no. 30935)

MARC details
000 -LEADER
fixed length control field 00595nam a22001697a 4500
005 - DATE AND TIME OF LATEST TRANSACTION
control field 2009013106516.0
008 - FIXED-LENGTH DATA ELEMENTS--GENERAL INFORMATION
fixed length control field 090131t xxu||||| |||| 00| 0 eng d
082 ## - DEWEY DECIMAL CLASSIFICATION NUMBER
Classification number 050
245 ## - TITLE STATEMENT
Title आजकल
246 ## - VARYING FORM OF TITLE
Title proper/short title Aajkal
260 ## - PUBLICATION, DISTRIBUTION, ETC. (IMPRINT)
Place of publication, distribution, etc New Delhi
Name of publisher, distributor, etc Publication Division
Date of publication, distribution, etc 1945-
300 ## - PHYSICAL DESCRIPTION
Extent v.
Dimensions 24 cm
310 ## - CURRENT PUBLICATION FREQUENCY
Current publication frequency मासिक
270 ## - ADDRESS
Address CGO Complex, Lodhi Road
City New delhi
Postal code 1100003
Telephone number 24367260
Public note publicationdivision.nic.in
942 ## - ADDED ENTRY ELEMENTS (KOHA)
Source of classification or shelving scheme Dewey Decimal Classification
Item type Periodicals
Classification part 050
Call number suffix आजक
Serial record 1
Holdings
Withdrawn status Lost status Source of classification or shelving scheme Damaged status Not for loan Collection code Home library Current library Date acquired Total Checkouts Full call number Date last seen Price effective from
    Dewey Decimal Classification   Not For Loan Non-fiction D.B.Act.Division D.B.Act.Division 15/10/2009   050 आजक 15/10/2009 15/10/2009

© Delhi Public Library
Hit Counter
free hit counter